| 000 | 01410nam a2200289 i 4500 | ||
|---|---|---|---|
| 001 | 22164 | ||
| 003 | ES-MaACL | ||
| 005 | 20260201161307.0 | ||
| 007 | t| | ||
| 008 | 021223s1847 sp ||||1| spa d | ||
| 080 | _a918.2+918.99"17" | ||
| 100 | 1 |
_aAzara, Félix de, _d1742-1821 _924234 |
|
| 245 | 1 | 0 |
_aMemorias sobre el estado rural del Río de la Plata en 1801 : _bdemarcación de límites entre el Brasil y el Paraguay a últimos del siglo XVII e informes sobre varios particulares de la América meridional española / _cescritos póstumos de D. Félix de Azara... ; los publica su sobrino D. Agustín de Azara ; bajo la dirección de D. Basilio Sebastián Castellanos de Losada. |
| 260 |
_aMadrid : _b[s.n.], _c1847 ( _fImp. de Sanchiz) |
||
| 300 |
_aVIII, 232 p. [1] h. de lám. ; _c22 cm. |
||
| 500 | _aRetr. de Félix de Azara. | ||
| 530 | _aDisponible en formato digital. | ||
| 650 | 4 |
_aIndios de América del Sur. _9158618 |
|
| 651 | 4 |
_aRío de la Plata (Virreinato)- _vHistoria. _9137351 |
|
| 651 | 4 |
_aBrasil- _xFronteras- _zParaguay. _9153310 |
|
| 651 | 4 |
_aParaguay- _xFronteras- _zBrasil. _9153311 |
|
| 700 | 1 |
_aAzara, Agustín de, _d1801- _9155373 |
|
| 700 | 1 |
_aCastellanos de Losada, Basilio Sebastián, _d1807-1891 _936540 |
|
| 852 | 4 |
_aES-MaACL _jT-26-F-3 |
|
| 856 | 4 |
_uhttps://archive.org/details/memoriassobreel00losagoog/page/n9 _zInternet Archive |
|
| 999 |
_c22164 _d22164 |
||